Luidji - Tristesse Business : Saison 1 - Statistiques

Statistiques générales
  • Ce quiz a été pris 27 fois
  • Le résultat moyen est 12 sur 17
Statistiques - réponses
Réponse % Correct
Les gens qui s'aiment
94%
Agoué
88%
Christian Dior
88%
Gisèle (Part. 4)
81%
Femme Flic
75%
Néons rouges / Belles chansons
69%
Système
69%
Tu le mérites
69%
Basquiat
63%
Le remède
63%
Mauvais réflexe
63%
Nazaré
63%
Vent d'hiver
63%
3 ans
56%
Erzulie - Interlude by Pee Magnum
56%
Plus haut
50%
Veuve Clicquot
50%
Aucun quiz correspondant
Distribution des résultats
% des personnes avec chaque résultat
Percentile par nombre de réponses
Votre historique - résultats
Vous n’avez pas pris ce quiz